Taylor Swift - THE TORTURED POETS DEPARTMENT - Statistics

General Stats
  • This quiz has been taken 57 times
  • The average score is 21 of 31
Answer Stats
2024 THE TORTURED POETS DEPARTMENT % Correct
2 The Tortured Poets Department
86%
10 Who's Afraid of Little Old Me?
84%
5 So Long, London
78%
6 But Daddy I Love Him
76%
13 I Can Do It With a Broken Heart
76%
12 loml
76%
22 So High School
76%
4 Down Bad
73%
9 Guilty as Sin?
73%
28 Peter
73%
30 Robin
73%
17 The Black Dog
73%
14 The Smallest Man Who Ever Lived
73%
15 The Alchemy
70%
31 The Manuscript
70%
1 Fortnight (feat. Post Malone)
68%
27 Cassandra
65%
3 My Boy Only Breaks His Favorite Toys
65%
19 The Albatross
65%
16 Clara Bow
62%
24 thanK you aIMee
62%
29 The Bolter
62%
7 Fresh Out The Slammer
59%
18 imgonnagetyouback
59%
20 Chloe or Sam or Sophia or Marcus
57%
21 How Did It End?
57%
23 I Hate It Here
57%
25 I Look in People's Windows
57%
26 The Prophecy
57%
11 I Can Fix Him (No Really I Can)
54%
8 Florida!!! (feat. Florence + The Machine)
38%
No matching quizzes found
Score Distribution
Percent of People with Each Score
Percentile by Number Answered
Your Score History
You have not taken this quiz